Yumbo : (Registro nro. 15376)
[ vista simple ]
| 000 -LEADER | |
|---|---|
| fixed length control field | 01237nam a22002537a 4500 |
| 003 - CONTROL NUMBER IDENTIFIER | |
| control field | OSt |
| 005 - DATE AND TIME OF LATEST TRANSACTION | |
| control field | 20210315113421.0 |
| 008 - FIXED-LENGTH DATA ELEMENTS--GENERAL INFORMATION | |
| fixed length control field | 210315n200? ck abo|gr|||| 00| 0 spa d |
| 020 ## - INTERNATIONAL STANDARD BOOK NUMBER | |
| International Standard Book Number | 9789584425201 |
| 040 ## - CATALOGING SOURCE | |
| Original cataloging agency | CO-JMCR |
| Transcribing agency | CO-JMCR |
| 041 0# - LANGUAGE CODE | |
| Language code of text/sound track or separate title | spa |
| 082 04 - DEWEY DECIMAL CLASSIFICATION NUMBER | |
| Classification number | 338.98 / |
| Item number | J371y |
| Edition number | 23 |
| 100 1# - MAIN ENTRY--PERSONAL NAME | |
| Personal name | Jaramillo López, Germán, |
| Relator term | autor |
| 9 (RLIN) | 36087 |
| 245 10 - TITLE STATEMENT | |
| Title | Yumbo : |
| Remainder of title | región empresarial de Colombia / |
| Statement of responsibility, etc. | Germán Jaramillo López ; fotografías, Mónica Gil Marín, Jaime Saldarriaga, José Luís Guzmán, [y 3 más] |
| 260 ## - PUBLICATION, DISTRIBUTION, ETC. | |
| Place of publication, distribution, etc. | Yumbo, Colombia : |
| Name of publisher, distributor, etc. | Fedy, |
| Date of publication, distribution, etc. | [2001?] |
| 300 ## - PHYSICAL DESCRIPTION | |
| Extent | 185 páginas : |
| Other physical details | ilustraciones y fotografías a color ; |
| Dimensions | 32 cm. |
| 505 ## - FORMATTED CONTENTS NOTE | |
| Formatted contents note | Fedy y sus 25 años -- Historia de Yumbo -- El municipio -- Territorial de oportunidades -- Gente y cultura -- Yumbo y sus regiones -- Yumbo y su realidad virtual -- yumbo: un motor de la económica del Valle -- Yumbo y sus retos -- Testimonios empresarial |
| 650 14 - SUBJECT ADDED ENTRY--TOPICAL TERM | |
| Topical term or geographic name entry element | Yumbo |
| Geographic subdivision | Valle del Cauca ( Colombia) |
| 9 (RLIN) | 36088 |
| 650 24 - SUBJECT ADDED ENTRY--TOPICAL TERM | |
| Topical term or geographic name entry element | Yumbo (Valle del Cauca) |
| Form subdivision | Historia |
| Geographic subdivision | Colombia |
| 9 (RLIN) | 36089 |
| 700 1# - ADDED ENTRY--PERSONAL NAME | |
| Personal name | Gil Marín, Mónica, |
| Relator term | fotógrafa |
| 9 (RLIN) | 36090 |
| 700 1# - ADDED ENTRY--PERSONAL NAME | |
| Personal name | Saldarriaga, Jaime, |
| Relator term | fotógrafo |
| 9 (RLIN) | 36091 |
| 700 1# - ADDED ENTRY--PERSONAL NAME | |
| Personal name | Guzmán, José Luís, |
| Relator term | fotógrafo |
| 9 (RLIN) | 36092 |
| 942 ## - ADDED ENTRY ELEMENTS (KOHA) | |
| Source of classification or shelving scheme | Dewey Decimal Classification |
| Koha item type | Books |
| Withdrawn status | Lost status | Source of classification or shelving scheme | Damaged status | Not for loan | Home library | Current library | Shelving location | Date acquired | Source of acquisition | Total Checkouts | Full call number | Barcode | Date last seen | Copy number | Price effective from | Koha item type |
|---|---|---|---|---|---|---|---|---|---|---|---|---|---|---|---|---|
| Dewey Decimal Classification | Biblioteca Pública José María del Castillo y Rada | Biblioteca Pública José María del Castillo y Rada | General Stacks | Donación | 338.98 / J371y | 201810812 | 05/16/2024 | Ej.1 | Books |